Boolean matrix theory and applications /

Guardado en:
Autor Principal: Kim, Ki Hang.
Formato: Libro
Idioma:English
Publicado: New York : M. Dekker, c1982.
Series:Monographs and textbooks in pure and applied mathematics ; 70
Materias:
Etiquetas: Agregar Etiqueta
Sin Etiquetas, Sea el primero en etiquetar este registro!
LEADER 00774pam a2200241 a 4500
001 MAT.inmabb004243
008 820129s1982####nyu######b####001#0#eng##
005 20160803122437.0
245 1 0 |a Boolean matrix theory and applications /  |c Ki Hang Kim. 
260 |a New York :  |b M. Dekker,  |c c1982. 
300 |a xiv, 288 p. ;  |c 23 cm. 
440 0 |a Monographs and textbooks in pure and applied mathematics ;  |v 70 
504 |a Bibliografía: p. 257-283. 
510 4 |a MR,  |c 84a:15001 
020 |a 0824772008 (pbk.) 
020 |a 0824717880 
100 1 |a Kim, Ki Hang. 
650 0 |a Algebra, Boolean. 
650 0 |a Matrices. 
084 |a 06Exx (15-02 03G05 06Axx 05B20 20M99 94C10)  |2 msc2000 
010 |a  82001481  
040 |a DLC  |c DLC  |d DLC 
859 |h 06  |i K49  |p A-7286  |b BIB. MATEMATICA